000 01314nam a2200325 i 4500
003 EG-GICUC
005 20260228134559.0
008 260209s2000 ua |||fr|||| 00| 0 ara d
017 _a7655/2000
040 _a EG-GICUC
_bara
_c EG-GICUC
_d EG-GICUC
_erda
041 0 _aAra
082 0 4 _221
_a343.11222
_bإ س . ح
092 0 4 _221
099 _aLaw1 10 343.11222 إ س . ح 2000
100 0 _aإسماعيل عبدالرحمن محمد
_eمؤلف.
245 1 2 _aالحماية الجنائية للمدنيين فى زمن النزاعات المسلحة :
_bدراسة تحليلية تأصيلية /
_cتأليف دكتور إسماعيل عبدالرحمن محمد.
264 1 _a[مكان النشر غير محدد] :
_b[الناشر غير محدد]،
_c2000.
300 _a680 ؛صفحة
_c24 سم.
336 _2rda content
_atext
337 _2rda media
_aComputer
338 _2rda carrier
_aOnline Resource
504 _a. 636-654 ببليوجرافيا: صفحات.
546 _aالنص باللغة العربية
650 1 _aالحماية الجنائية للعقود المدنية
_2qrmak
650 1 _aالقانون الجنائى
_2qrmak
651 1 _2qrmak
856 4 0 _uhttps://fll.law.cu.edu.eg/fulltext/bks/B10-08878.pdf
905 _a54
942 _2ddc
_cBK
_e21
_n0
999 _c61827
_d61827